[Event "SUI-ch U10"]
[Site "Belp"]
[Date "2010.07.04"]
[Round "7"]
[White "Rychener, Noah"]
[Black "Hofmann, Colin"]
[Result "0-1"]
[WhiteElo "1520"]
[BlackElo "1629"]
[PlyCount "69"]
[EventDate "2010.07.01"]
[EventType "tourn"]
[EventRounds "7"]
[EventCountry "SUI"]
[SourceTitle "EXT 2012"]
[Source "ChessBase"]
[SourceDate "2011.11.24"]
[SourceVersion "1"]
[SourceVersionDate "2011.11.24"]
[SourceQuality "1"]

1. d4 Nf6 2. Bf4 d6 3. e3 g6 4. c3 Bg7 5. Bd3 0-0 6. Nd2 Nc6 7. Qc2 Re8 8. 0-0-0 Kh8 9. Ne2 a6 10. f3 e5 11. Bg5 h6 12. Bxf6 Qxf6 13. d5 Ne7 14. Ne4 Qh4 15. h3 Nxd5 16. Qd2 Qe7 17. g4 Nb6 18. h4 Be6 19. Kb1 Rad8 20. g5 h5 21. N4g3 d5 22. Rdf1 Nc8 23. Qc2 c6 24. e4 Kg8 25. f4 dxe4 26. Bxe4 exf4 27. Nxf4 Be5 28. Nxe6 Qxe6 29. Ne2 Bc7 30. Bf3 Nd6 31. Re1 Qf5 32. Qxf5 Nxf5 33. Nc1 Rxe1 34. Rxe1 Bg3 35. Ne2 0-1

[Event "SUI-ch U10"]
[Site "Belp"]
[Date "2010.07.03"]
[Round "5"]
[White "Rychener, Noah"]
[Black "Brandis, Benjamin"]
[Result "1/2-1/2"]
[WhiteElo "1520"]
[BlackElo "1599"]
[PlyCount "122"]
[EventDate "2010.07.01"]
[EventType "tourn"]
[EventRounds "7"]
[EventCountry "SUI"]
[SourceTitle "EXT 2012"]
[Source "ChessBase"]
[SourceDate "2011.11.24"]
[SourceVersion "1"]
[SourceVersionDate "2011.11.24"]
[SourceQuality "1"]

1. d4 d5 2. Bf4 Nf6 3. e3 a6 4. c3 Bf5 5. Nf3 Nbd7 6. Bd3 Bxd3 7. Qxd3 Ne4 8. 0-0 e6 9. Nbd2 Ndf6 10. Ng5 Nxg5 11. Bxg5 c5 12. dxc5 Bxc5 13. b4 Be7 14. a4 Qc7 15. b5 e5 16. Bxf6 Bxf6 17. Rfd1 Rd8 18. bxa6 bxa6 19. Qxa6 0-0 20. a5 Ra8 21. Qb6 Qxc3 22. a6 Rfb8 23. Qa5 Qxa5 24. Rxa5 d4 25. a7 Rb7 26. Rc1 h6 27. Rca1 dxe3 28. fxe3 e4 29. R1a4 Bc3 30. Rd5 Raxa7 31. Rxa7 Rxa7 32. Nxe4 Ra1+ 33. Kf2 Ra2+ 34. Kf3 Ba5 35. Rb5 Bc7 36. h3 Ra1 37. Rc5 Bb6 38. Rc8+ Kh7 39. Rb8 Ba5 40. Ra8 Rf1+ 41. Ke2 Re1+ 42. Kf2 Ra1 43. Ke2 Bc3 44. Rc8 Ra2+ 45. Kf3 Be1 46. Rc1 f5 47. Rxe1 fxe4+ 48. Kxe4 Rxg2 49. Kf3 Rh2 50. Kg3 Rd2 51. e4 Rd3+ 52. Kg2 g5 53. e5 Kg7 54. e6 Kf8 55. e7+ Ke8 56. Re6 h5 57. Re5 Rd2+ 58. Kg3 h4+ 59. Kg4 Rg2+ 60. Kh5 g4 61. Kxh4 gxh3 1/2-1/2

[Event "SUI-ch U10"]
[Site "Belp"]
[Date "2010.07.01"]
[Round "1"]
[White "Naegelin, Lars"]
[Black "Rychener, Noah"]
[Result "0-1"]
[WhiteElo "1533"]
[BlackElo "1520"]
[PlyCount "54"]
[EventDate "2010.07.01"]
[EventType "tourn"]
[EventRounds "7"]
[EventCountry "SUI"]
[SourceTitle "EXT 2012"]
[Source "ChessBase"]
[SourceDate "2011.11.24"]
[SourceVersion "1"]
[SourceVersionDate "2011.11.24"]
[SourceQuality "1"]

1. e4 d5 2. exd5 Nf6 3. Nc3 Bf5 4. Nf3 Nbd7 5. Bb5 a6 6. Ba4 b5 7. Bb3 e5 8. d3 Bc5 9. Bg5 0-0 10. 0-0 Rb8 11. Re1 Re8 12. h3 a5 13. a3 a4 14. Ba2 h6 15. Bh4 Qe7 16. Nd2 Qd6 17. b4 Bd4 18. Ndb1 e4 19. Bg3 Qb6 20. dxe4 Nxe4 21. Qf3 Nxg3 22. Rxe8+ Rxe8 23. Qxg3 Bxf2+ 24. Qxf2 Re1+ 25. Kh2 Qxf2 26. Nxb5 Qf4+ 27. g3 Qf2# 0-1